Carregant...
Bhaya shakti death hai
| Autor principal: | |
|---|---|
| Format: | Printed Book |
| Publicat: |
New Delhi:
Rajkamal Prakashan,
2007
|
| LEADER | 00446nam a22001337a 4500 | ||
|---|---|---|---|
| 008 | 140827b ii||||| |||| 00| 0 hin d | ||
| 999 | |c 248171 |d 248171 | ||
| 020 | |a 978817178227fo | ||
| 100 | |a Leeladhar Joguri | ||
| 245 | |a Bhaya shakti death hai | ||
| 260 | |a New Delhi: |b Rajkamal Prakashan, |c 2007 | ||
| 546 | |a in Hindi | ||
| 942 | |c BK | ||
| 952 | |0 0 |1 0 |4 0 |6 S_31_000000000000000 |7 0 |9 275509 |a HIN |b HIN |c ST1 |d 2017-11-28 |i 24529 |l 0 |o s31 |p HIN24529 |r 2017-11-28 |w 2017-11-28 |y BK | ||